Normal view MARC view

Entry Topical Term

Number of records used in: 1

001 - CONTROL NUMBER

  • control field: 48574

003 - CONTROL NUMBER IDENTIFIER

  • control field: OSt

005 - DATE AND TIME OF LATEST TRANSACTION

  • control field: 20241105151000.0

008 - FIXED-LENGTH DATA ELEMENTS

  • fixed length control field: 241105|| aca||aabn | a|a d

040 ## - CATALOGING SOURCE

  • Original cataloging agency: OSt
  • Transcribing agency: OSt

150 ## - HEADING--TOPICAL TERM

  • Topical term or geographic name entry element: Sanctuary cities, Immigration, State and local politics, Latino politics.

670 ## - SOURCE DATA FOUND

  • Source citation: Work cat.: (OSt): O’Brien, Benjamin Gonzalez Collingwood, Loren and Paarlberg, Michael Ahn 48573, Sanctuary policies and the influence of local demographics and partisanship

Powered by Koha